Mémoire et histoire : la monumentalisation du ghetto de Varsovie (notice n° 1639899)
[ vue normale ]
| 000 -LEADER | |
|---|---|
| fixed length control field | 01203cam a2200157 4500500 |
| 005 - DATE AND TIME OF LATEST TRANSACTION | |
| control field | 20260201072955.0 |
| 041 ## - LANGUAGE CODE | |
| Language code of text/sound track or separate title | fre |
| 042 ## - AUTHENTICATION CODE | |
| Authentication code | dc |
| 100 10 - MAIN ENTRY--PERSONAL NAME | |
| Personal name | Ostrowetsky, Sylvia |
| Relator term | author |
| 245 00 - TITLE STATEMENT | |
| Title | Mémoire et histoire : la monumentalisation du ghetto de Varsovie |
| 260 ## - PUBLICATION, DISTRIBUTION, ETC. | |
| Date of publication, distribution, etc. | 2003.<br/> |
| 500 ## - GENERAL NOTE | |
| General note | 26 |
| 520 ## - SUMMARY, ETC. | |
| Summary, etc. | Memory and History: The Monumentalization of the Warsaw GhettoThe different memorials placed on the site of the former Warsaw Ghetto express in their architectural and sculptural forms the successive historical climates and what the established powers or organisms of preservation and conservation have wished to transmit concerning, on the one hand, the 1943 uprising and the memory of the Jewish-Polish community and, on the other hand, their definition of Nazism. If the first such monument glorifies a whole people, those succeeding it attempt, in addition, to coming closer to a less triumphant type of truth, that of mass extermination and the dehumanization that underlies it. |
| 786 0# - DATA SOURCE ENTRY | |
| Note | L'Homme & la Société | 146 | 4 | 2003-02-01 | p. 77-99 | 0018-4306 |
| 856 41 - ELECTRONIC LOCATION AND ACCESS | |
| Uniform Resource Identifier | <a href="https://shs.cairn.info/revue-l-homme-et-la-societe-2002-4-page-77?lang=fr&redirect-ssocas=7080">https://shs.cairn.info/revue-l-homme-et-la-societe-2002-4-page-77?lang=fr&redirect-ssocas=7080</a> |
Pas d'exemplaire disponible.




Réseaux sociaux